000
00283nam a2200109Ia 4500
008
190919s9999||||xx |||||||||||||| ||und||
100
_a
Donald,Lisa
245
0
_a
MCSA/MCSE:Windows XP Professional Study Guide
260
_a
New York
_b
Viva Books
_c
1996
300
_a
204
942
_c
BK
999
_c
10695
_d
10695